| 000 | 00581nam a2200205 4500 | ||
|---|---|---|---|
| 001 | 137687 | ||
| 003 | ES-MaACL | ||
| 005 | 20230906195425.0 | ||
| 007 | t| | ||
| 008 | 070214s1972 sp r ||||1| cat d | ||
| 100 | 1 |
_aSales, Joan. _9101875 |
|
| 245 | 1 | 0 |
_aEn Tirant lo Blanc a Grecia _b: opera bufa / _cJoan Sales. |
| 250 | _a1ยช ed. | ||
| 260 |
_aBarcelona : _bClub Ed., _c1972. |
||
| 300 |
_a173 p. ; _c20 cm. |
||
| 490 | 1 | _aEl pi de les tres branques | |
| 830 | 0 |
_aEl pi de les tres branques _9233399 |
|
| 852 |
_aES-MaACL _jC-49766 _bR.84619 |
||
| 999 |
_c137687 _d137687 |
||